Normale Ansicht MARC-Ansicht ISBD

Rubens mit Schweißerbrille. (Titelsatznr. 371502)

[ MARC ]
MARC-Details
000 -Satzkennung
Kontrollfeld mit fester Länge 00882nam a22001937a 4500
008 - Feld mit fester Länge zur physischen Beschreibung - Allgemeine Angaben
Kontrollfeld mit fester Länge 201127b ||||| |||| 00| 0 eng d
040 ## - Katalogisierungsquelle
Original-Katalogisierungsstelle DE-2950
Katalogisierungssprache ger
Übertragungsstelle DE-2950
Beschreibungsfestlegungen rda
041 ## - Sprachcode
Sprachcode des Textes/der Tonspur oder des separaten Titels ger
245 ## - Titel
Haupttitel Rubens mit Schweißerbrille.
Titelzusatz Eine skurrile Bewegung gewinnt in der Lausitz an Zulauf: der Steampunk. Seine Vertreter erinnern an das industrielle Zeitalter des 19. Jahrhunderts. Einige von ihnen stellen mit großem Aufwand die Gemälde Alter Meister fotografisch nach /
Verantwortlichkeitsangabe Thomas Klatt
264 ## - Veröffentlichungsangabe, Vertriebsangabe, Herstellungsangabe
Erscheinungs-, Vertriebs-, Herstellungsdatum 2022
490 ## - Gesamttitelangabe
Haupttitel der Reihe/Unterreihe Brandenburger Blätter
Zählung vom 05./06.03.2022
653 ## - Lokales Schlagwort
Nicht-normierter Term Steampunk
653 ## - Lokales Schlagwort
Nicht-normierter Term Lausitz
773 ## - Übergeordnete Einheit
Ort, Verlag und Erscheinungsjahr Frankfurt (Oder) Märkisches Verlags- und Druckhaus GmbH & Co KG
Titel Märkische Oderzeitung
Verknüpfungsangaben 33. Jahrgang (2022) Nr. 54 vom 05./06.03.2022, Journal am Wochenende, S. 5
942 ## - Zusätzliche Felder (Koha)
Koha-Medientyp Aufsätze
Exemplare
Ausgeschieden Verloren Beschädigt Nicht entleihbar Permanenter Standort Aktueller Standort Aufstellungsort Eingabedatum Anzahl Ausleihen Signatur Letzte Aktivität Preis gültig von Medientyp
        Stadtarchiv Frankfurt (Oder) | Archivbibliothek Stadtarchiv Frankfurt (Oder) | Archivbibliothek Magazin 22/03/2022   Z2 22/03/2022 22/03/2022 Aufsätze